| 000 | 00479nam a2200133Ia 4500 | ||
|---|---|---|---|
| 008 | 150223s9999 xx 000 0 und d | ||
| 020 | _a9781595550026 | ||
| 050 |
_aLB 2844.53 _b.U6P34 2007 |
||
| 100 | _aPaige, Rod. | ||
| 245 | 4 |
_aThe war against hope : _bhow teachers' union hurt children, hinder teachers and endanger public education / _cRod Paige. |
|
| 260 |
_aNashville, Tennesse : _bThomas Nelson Inc., _c2007 |
||
| 300 |
_a224 pages : _c24 cm. |
||
| 504 | _aIncludes appendix. | ||
| 999 |
_c283308 _d283308 |
||